XIII Muestra de Cine Mexicano en Guadalajara : 6-12 de marzo /
Catálogo de la décimo tercera Muestra de Cine Mexicano en Guadalajara (1997), rebautizada Festival Internacional de Cine en Guadalajara (FICG) a partir de su 20ª edición (2005), celebrada en uno de los períodos de menor producción de la historia del cine nacional, con ocho largometrajes y nueve cort...
Salvato in:
| Ente Autore: | |
|---|---|
| Natura: | Atti del Convegno Libro |
| Lingua: | spagnolo |
| Pubblicazione: |
Guadalajara, México :
Muestra de Cine Mexicano en Guadalajara,
1998
|
| Soggetti: | |
| Tags: |
Nessun Tag, puoi essere il primo ad aggiungerne!!
|
MARC
| LEADER | 00000nam^a2200000^a^4500 | ||
|---|---|---|---|
| 001 | 000135080 | ||
| 005 | 20260226152800.0 | ||
| 009 | 20260526123824.276 | ||
| 037 | |a Acervo ITESO - Biblioteca | ||
| 041 | |a ESP | ||
| 082 | |a 302. 23550972352 |b FICG 1998 | ||
| 111 | |a Muestra de Cine Mexicano en Guadalajara ( |n 13ª : |d 1998 : |c Guadalajara, México) | ||
| 240 | 1 | 1 | |a [FICG] |
| 240 | 1 | 1 | |a [FICG: catálogos] |
| 240 | 1 | 1 | |a [Festival Internacional de Cine en Guadalajara] |
| 240 | 1 | 1 | |a [Festival Internacional de Cine en Guadalajara: catálogos] |
| 240 | 1 | 1 | |a [Muestra de Cine Mexicano en Guadalajara] |
| 240 | 1 | 1 | |a [Muestra de Cine Mexicano en Guadalajara: catálogos] |
| 240 | 1 | 1 | |a [Muestra de Cine Mexicano en Guadalajara 1998] |
| 245 | 1 | 0 | |a XIII Muestra de Cine Mexicano en Guadalajara : |b 6-12 de marzo / |
| 246 | 2 | |a Título en la cubierta: XIII Muestra de Cine Mexicano en Guadalajara: marzo 6-12 de 1998 | |
| 264 | 1 | |a Guadalajara, México : |b Muestra de Cine Mexicano en Guadalajara, |c 1998 | |
| 300 | |a 93 p. ; |c 26.5 cm. | ||
| 336 | |a texto |b txt |2 rdacontenido | ||
| 337 | |a sin mediación |b n |2 rdamedio | ||
| 338 | |a volumen |b nc |2 rdasoporte | ||
| 520 | |a Catálogo de la décimo tercera Muestra de Cine Mexicano en Guadalajara (1997), rebautizada Festival Internacional de Cine en Guadalajara (FICG) a partir de su 20ª edición (2005), celebrada en uno de los períodos de menor producción de la historia del cine nacional, con ocho largometrajes y nueve cortometrajes en las respectivas secciones a concurso. Seis películas conformaron la retrospectiva en homenaje a Marga López (1924-2005), actriz nacida en Argentina, establecida desde su juventud en México, donde desarrolló toda su carrera y fueron proyectados todos los largometrajes, doce hasta entonces, del famoso cineasta español Pedro Almodóvar. Brasil participó como país invitado de honor con un ciclo de siete películas recientes y seis títulos integraron la sección de películas invitadas. Hubo seis funciones especiales y cuatro trabajos en la sección de video. El jurado internacional premió La primera noche, de Alejandro Gamboa, y el de la crítica nacional al documental dramatizado ¿Quién diablos es Juliette?, ópera prima como director de Carlos Marcovich, reconocido hasta entonces por su filmografía como fotógrafo; el primero otorgó una mención a De noche vienes, Esmeralda, del veterano Jaime Humberto Hermosillo (1942-2020), quien también se llevó el premio del público y el segundo a Fibra óptica, segundo largometraje de Francisco Athié. La Organización Católica Internacional del Cine y del Audiovisual (OCIC) galardonó a la película de Marcovich, con una mención para el cortometraje En el espejo del cielo, del director Carlos Salces. El premio a mejor cortometraje fue para Sin sostén, animación de René Castillo Rivera, con codirección del tapatío Antonio Urrutia, egresados respectivamente de Ciencias de la Comunicación y de Ingeniería Industrial del ITESO. | ||
| 533 | |a Fotocopia | ||
| 546 | |a Edición bilingüe español-inglés | ||
| 585 | |a Muestra de Cine Mexicano en Guadalajara (13ª: 1998) | ||
| 586 | |a Premio Príncipe de Asturias de las Artes 2006: Biografías, crítica e interpretación | ||
| 649 | |a XX | ||
| 650 | |a Actores Mexicanos - |x Homenajes | ||
| 650 | |a Actores Mexicanos - |x Ciclos y Retrospectivas | ||
| 650 | |a Cineastas Españoles - |x Ciclos y Retrospectivas | ||
| 650 | |a Mujeres Mexicanas - |x Homenajes | ||
| 650 | |a Mujeres Mexicanas - |x Ciclos y Retrospectivas | ||
| 650 | |a Cine Mexicano - |x Festivales - |x Catálogos - |x Tema Principal | ||
| 650 | |a Cine Mexicano - |x Ciclos y Retrospectivas | ||
| 650 | |a Cine Mexicano - |x Historia y Crítica | ||
| 650 | |a Cine Mexicano - |y 1940-1949 | ||
| 650 | |a Cine Mexicano - |y 1950-1959 | ||
| 650 | |a Cine Mexicano - |y 1960-1969 | ||
| 650 | |a Cine Mexicano - |y 1990-1999 | ||
| 650 | |a Cine Mexicano - |y Siglo XX | ||
| 650 | |a Cine Brasileño - |x Ciclos y Retrospectivas | ||
| 650 | |a Cine Brasileño - |y 1990-1999 | ||
| 650 | |a Cine Brasileño - |y Siglo XX | ||
| 650 | |a Cine Español - |x Ciclos y Retrospectivas | ||
| 650 | |a Cine Español - |y 1980-1989 | ||
| 650 | |a Cine Español - |y 1990-1999 | ||
| 650 | |a Cine Español - |y Siglo XX | ||
| 650 | |a Cine Iberoamericano - |x Ciclos y Retrospectivas | ||
| 650 | |a Cine Iberoamericano - |y 1990-1999 | ||
| 650 | |a Cine Iberoamericano - |y Siglo XX | ||
| 650 | |a Cine - |z Guadalajara, Jalisco - |x Festivales - |x Catálogos - |x Tema Principal | ||
| 650 | |a Cine - |z México - |x Festivales - |x Catálogos | ||
| 650 | |a Cine - |x Festivales - |x Catálogos | ||
| 650 | |a Almodóvar, Pedro | ||
| 600 | |a López, Marga | ||
| 910 | |a Fondo General | ||
| 920 | |a Impresos - Libros | ||
| 930 | |a Libros Antiguos y Raros | ||
| 905 | |a 108 | ||
| 901 | |a 0500064417 |b IT2 |c LRA |u 20250526 | ||
| 902 | |a https://opac.biblio.iteso.mx/vufind/Record/000135080 | ||